LIBRARY ONLINE CATALOGUE

Keep going : (Record no. 21475)

MARC details
000 -LEADER
fixed length control field 01485cam a22003374a 4500
001 - CONTROL NUMBER
control field 15166499
003 - CONTROL NUMBER IDENTIFIER
control field OSt
005 - DATE AND TIME OF LATEST TRANSACTION
control field 20260316144841.0
008 - FIXED-LENGTH DATA ELEMENTS--GENERAL INFORMATION
fixed length control field 080204s2008 njua b 001 0 eng
010 ## - LIBRARY OF CONGRESS CONTROL NUMBER
LC control number 2008004782
020 ## - INTERNATIONAL STANDARD BOOK NUMBER
International Standard Book Number 9781596380875
Qualifying information pbk.
035 ## - SYSTEM CONTROL NUMBER
System control number 15166499
040 ## - CATALOGING SOURCE
Original cataloging agency DLC
Transcribing agency DLC
Modifying agency DLC
050 00 - LIBRARY OF CONGRESS CALL NUMBER
Classification number BT771.3
Item number .M37 2008
082 00 - DEWEY DECIMAL CLASSIFICATION NUMBER
Classification number 239
Edition number 22
100 1# - MAIN ENTRY--PERSONAL NAME
Personal name Martin, Neil,
Dates associated with a name 1973-
245 10 - TITLE STATEMENT
Title Keep going :
Remainder of title overcoming doubts about your faith /
Statement of responsibility, etc. Neil Martin.
260 ## - PUBLICATION, DISTRIBUTION, ETC. (IMPRINT)
Place of publication, distribution, etc. Phillipsburg, N.J. :
Name of publisher, distributor, etc. P&R Pub.,
Date of publication, distribution, etc. c2008.
300 ## - PHYSICAL DESCRIPTION
Extent xv, 301 p. :
Other physical details ill. ;
Dimensions 22 cm.
336 ## - CONTENT TYPE
Content type term text
Content type code txt
Source rdacontent
337 ## - MEDIA TYPE
Media type term unmediated
Media type code n
Source rdamedia
338 ## - CARRIER TYPE
Carrier type term volume
Carrier type code nc
Source rdacarrier
504 ## - BIBLIOGRAPHY, ETC. NOTE
Bibliography, etc Includes bibliographical references (p. 271-282) and indexes.
505 0# - FORMATTED CONTENTS NOTE
Formatted contents note Should we expect to struggle with the Christian faith? -- Tackling struggles with belief in God -- Tackling struggles with the authenticity of the Bible -- Tackling struggles with sovereignty, responsibility, and divine justice -- Tackling struggles with lack of assurance -- Overcoming struggles in Christ.
650 #0 - SUBJECT ADDED ENTRY--TOPICAL TERM
Topical term or geographic name as entry element Faith.
856 41 - ELECTRONIC LOCATION AND ACCESS
Materials specified Table of contents only
Uniform Resource Identifier <a href="http://www.loc.gov/catdir/toc/ecip0810/2008004782.html">http://www.loc.gov/catdir/toc/ecip0810/2008004782.html</a>
906 ## - LOCAL DATA ELEMENT F, LDF (RLIN)
a 7
b cbc
c orignew
d 1
e ecip
f 20
g y-gencatlg
942 ## - ADDED ENTRY ELEMENTS (KOHA)
Source of classification or shelving scheme Library of Congress Classification
Koha item type General Collection
Holdings
Withdrawn status Lost status Source of classification or shelving scheme Not for loan Home library Current library Shelving location Date acquired Source of acquisition Inventory number Total Checkouts Full call number Barcode Date last seen Copy number Price effective from Koha item type
    Library of Congress Classification   Kabarak, Main Campus Kabarak, Main Campus General Stacks 16/03/2026 Donation 2025/3317   BT771.3 .M37 2008 C.1 38620 16/03/2026 C.1 16/03/2026 General Collection